| 000 | 01204nam a2200241Ia 4500 | ||
|---|---|---|---|
| 003 | PE SENCICO BE | ||
| 005 | 20251020182436.0 | ||
| 008 | 200515s9999 xx 000 0 und d | ||
| 040 |
_aPE SENCICO BE _cPE SENCICO BE |
||
| 041 | _aspa | ||
| 082 |
_a745.4 _bA48 |
||
| 100 | 1 |
_aAmbrose, Gavin _9462 _eautor |
|
| 245 | 1 | 0 |
_aMetodología del diseño / _cGavin Ambrose, Paul Harris |
| 250 | _a1a ed. | ||
| 260 |
_aBarcelona : _bParramón arquitectura y diseño ; _c2010 |
||
| 300 |
_a199 p. : _bil. col., diagrs. ; _c23 cm. |
||
| 505 | 0 | _aFases del planteamiento -- Investigación -- Generación de ideas -- Perfeccionamiento -- Creación de prototipos -- Implementación | |
| 520 | 3 | _aPresenta diferentes aspectos de la metodología del diseño a través de capitulos dedicados a temas especificos. Cada capítulo ofrece numerosos ejemplos de importantes estudios de diseño contemporáneo, en los que se muestra una metodología de diseño única y creativa junto a un detallado análisis para explicar los motivos que justifican las opciones de diseño escogidas | |
| 650 | 1 | 0 |
_aDiseño _9965 |
| 650 | 2 | 0 |
_aComunicación en diseño _9967 |
| 700 | 1 |
_92587 _aHarris, Paul _eautor |
|
| 942 |
_cLIB _2ddc |
||
| 999 |
_c389 _d389 |
||